| 000 | 00451pab a2200169 454500 | ||
|---|---|---|---|
| 008 | 180718b2010 xxu||||| |||| 00| 0 eng d | ||
| 100 | _aChakraborty, Keya | ||
| 245 | _aLevels of imbalances in an urban agglomeration: Case study of KUA comprising parts of six districts | ||
| 260 | _c2010 | ||
| 300 | _ap.39-48. | ||
| 362 | _aJul-Sep | ||
| 650 | _aUrban development | ||
| 700 | _aSen, Joy | ||
| 773 | _aNagarlok | ||
| 908 | _aN | ||
| 909 | _a90089 | ||
| 999 |
_c90089 _d90089 |
||